[Event "Online Olym Div3 B"]
[Site "Chess.com INT"]
[Date "2021.08.29"]
[Round "9.1"]
[White "Tekulu, Masho Beyene"]
[Black "Mahmoud, Roula"]
[Result "0-1"]
[WhiteElo "1403"]
[BlackElo "1765"]
[PlyCount "220"]
[EventDate "2021.08.27"]
[EventType "team-tourn (rapid)"]
[EventRounds "9"]
[EventCountry "USA"]
[SourceTitle "CBM 204 Extra"]
[Source "ChessBase"]
[SourceDate "2021.11.30"]
[SourceVersion "1"]
[SourceVersionDate "2021.11.30"]
[SourceQuality "1"]
[WhiteTeam "Ethiopia"]
[BlackTeam "Syria"]
[WhiteTeamCountry "ETH"]
[BlackTeamCountry "SYR"]

1. c4 Nf6 2. d4 g6 3. Nc3 Bg7 4. e4 d6 5. Nf3 0-0 6. h3 e5 7. dxe5 dxe5 8. Be2 Nc6 9. 0-0 Be6 10. a3 Qxd1 11. Rxd1 Rad8 12. Bg5 h6 13. Bxf6 Bxf6 14. Nd5 Bxd5 15. cxd5 Nd4 16. Nxd4 exd4 17. Bc4 c6 18. a4 cxd5 19. Bxd5 b6 20. Rac1 Rc8 21. Kf1 Kg7 22. Ke2 d3+ 23. Kxd3 Bxb2 24. Rc2 Rxc2 25. Kxc2 Ba3 26. Rd3 Rc8+ 27. Rc3 Rxc3+ 28. Kxc3 Bc5 29. f3 f5 30. Kc4 fxe4 31. fxe4 Kf6 32. Kb5 a5 33. Kc4 Ke5 34. Kd3 g5 35. Kc4 h5 36. Kb5 h4 37. Kc6 Kf4 38. Kd7 Bd4 39. Ke6 Kg3 40. e5 Kf4 41. Kf6 Bxe5+ 42. Ke6 Bd4 43. Bf3 Bc5 44. Kd5 Ke3 45. Kc4 Kd2 46. Kb3 Kd3 47. Bd5 Kd4 48. Bc4 Bd6 49. Be2 Kc5 50. Bc4 Be5 51. Be2 Bd4 52. Bb5 Kd5 53. Be2 Ke4 54. Kc4 Ke3 55. Bf3 Bc5 56. Kc3 Bb4+ 57. Kc4 Kd2 58. Kb5 Bc5 59. Kc4 Kc2 60. Bc6 Kb2 61. Bf3 Ka3 62. Bc6 Be3 63. Kd3 Bg1 64. Kc4 Bc5 65. Kd3 Kb4 66. Ke4 Be7 67. Kf5 Kc5 68. Bf3 Bd8 69. Ke5 Bc7+ 70. Kf5 Bf4 71. Ke6 b5 72. axb5 Kxb5 73. Kd5 a4 74. Kd4 Kb4 75. Bd5 Bd2 76. Ke4 Kc3 77. Kf3 a3 78. Kg4 Kb2 79. g3 Be1 80. gxh4 Bxh4 81. Kf3 a2 82. Bxa2 Kxa2 83. Kg4 Kb3 84. Kf3 Kc4 85. Ke4 Kc3 86. Ke3 Be1 87. Ke2 Bg3 88. Kf3 Bh4 89. Ke3 Kc4 90. Ke4 Kc5 91. Ke5 Kc6 92. Ke6 Kc7 93. Ke5 Kd7 94. Kd5 Ke7 95. Ke5 Kf7 96. Kf5 Kg7 97. Kg4 Kg6 98. Kf3 Kf5 99. Ke3 Ke5 100. Kf3 Kd4 101. Ke2 Ke4 102. Kf1 Kf3 103. Kg1 Kg3 104. Kh1 Kxh3 105. Kg1 g4 106. Kh1 g3 107. Kg1 Bg5 108. Kh1 Bf6 109. Kg1 Bd4+ 110. Kh1 g2# 0-1

[Event "Online Olym Div3 B"]
[Site "Chess.com INT"]
[Date "2021.08.28"]
[Round "4.1"]
[White "Mahmoud, Roula"]
[Black "Kanyamarala, Trisha"]
[Result "0-1"]
[WhiteElo "1765"]
[BlackElo "2180"]
[PlyCount "152"]
[EventDate "2021.08.27"]
[EventType "team-tourn (rapid)"]
[EventRounds "9"]
[EventCountry "USA"]
[SourceTitle "CBM 204 Extra"]
[Source "ChessBase"]
[SourceDate "2021.11.30"]
[SourceVersion "1"]
[SourceVersionDate "2021.11.30"]
[SourceQuality "1"]
[WhiteTeam "Syria"]
[BlackTeam "Ireland"]
[WhiteTeamCountry "SYR"]
[BlackTeamCountry "IRL"]

1. e4 c5 2. Nf3 d6 3. d4 cxd4 4. Nxd4 Nf6 5. Nc3 Nc6 6. Be3 Ng4 7. Qd2 Nxe3 8. Qxe3 Qb6 9. 0-0-0 Nxd4 10. Qxd4 Qxd4 11. Rxd4 Bd7 12. Bb5 Bc6 13. Rhd1 e6 14. f4 Be7 15. f5 a6 16. Bc4 b5 17. Bb3 e5 18. R4d3 b4 19. Bd5 Rc8 20. Bxc6+ Rxc6 21. Nd5 a5 22. a3 bxa3 23. Rxa3 Rc5 24. Rb3 Bg5+ 25. Kb1 0-0 26. g3 h5 27. h4 Bd8 28. f6 gxf6 29. Rf3 Kg7 30. Ne3 Bc7 31. Nf5+ Kg6 32. Nxd6 Rd8 33. Rfd3 Bxd6 34. Rxd6 Rxd6 35. Rxd6 Rc4 36. b3 Rxe4 37. Ra6 Rd4 38. Rxa5 e4 39. c3 e3 40. Kc2 e2 41. Ra1 Rg4 42. Re1 Rxg3 43. Rxe2 f5 44. c4 f4 45. Rf2 f3 46. Kd3 Kf5 47. Ke3 Kg4 48. c5 f5 49. c6 f4+ 50. Ke4 Rg1 51. Rc2 Rg2 52. Rc1 Re2+ 53. Kd3 Re3+ 54. Kd4 f2 55. c7 Re8 56. Kd5 f3 57. Kd6 Kg3 58. Kd7 Rg8 59. b4 Kg2 60. b5 f1Q 61. Rxf1 Kxf1 62. c8Q Rxc8 63. Kxc8 f2 64. b6 Kg2 65. b7 f1Q 66. b8Q Qf8+ 67. Kc7 Qxb8+ 68. Kxb8 Kh3 69. Kc7 Kxh4 70. Kd6 Kg3 71. Ke5 h4 72. Ke4 h3 73. Ke3 h2 74. Ke2 h1Q 75. Kd3 Qd5+ 76. Ke3 Kg4 0-1

[Event "Asia Nations online Cup (Women)"]
[Site "Chess.com INT"]
[Date "2020.10.19"]
[Round "7.10"]
[White "Mahmoud, Roula"]
[Black "Hoshino, Meilin"]
[Result "0-1"]
[WhiteElo "1771"]
[BlackElo "1591"]
[PlyCount "174"]
[EventDate "2020.10.11"]
[EventType "team-swiss (rapid)"]
[EventRounds "9"]
[EventCountry "IND"]
[SourceTitle "CBM 198 Extra"]
[Source "ChessBase"]
[SourceDate "2020.11.30"]
[SourceVersion "1"]
[SourceVersionDate "2020.11.30"]
[SourceQuality "1"]
[WhiteTeam "Syria (W)"]
[BlackTeam "Japan (W)"]
[WhiteTeamCountry "SYR"]
[BlackTeamCountry "JPN"]

1. e4 c5 2. Nf3 g6 3. d4 cxd4 4. Nxd4 Nc6 5. Nc3 Bg7 6. Be3 Nf6 7. Be2 0-0 8. 0-0 d5 9. exd5 Nxd5 10. Nxd5 Qxd5 11. Bf3 Qd7 12. Nxc6 bxc6 13. c3 a5 14. Qa4 Ra6 15. Rad1 Qb7 16. Rd2 Be6 17. Rfd1 Qc7 18. Bf4 Qb6 19. Qa3 Re8 20. Be3 Qc7 21. Qa4 Bf5 22. Qc4 Rea8 23. h3 Be6 24. Qa4 Re8 25. c4 Rb8 26. b3 Bc3 27. Rd3 Be5 28. c5 Rb4 29. Qa3 Rb8 30. Qc1 Bf5 31. R3d2 Raa8 32. Bh6 Bg7 33. Bxg7 Kxg7 34. Qc3+ Kg8 35. Qe3 Be6 36. Qe4 Bd5 37. Qe3 Bxf3 38. Qxf3 Rc8 39. Rd7 Qe5 40. Qd3 Qxc5 41. Qe4 e6 42. Qf4 Qf5 43. Qe3 Qf6 44. Rb7 Rcb8 45. Rbd7 Kg7 46. Qc5 Rc8 47. R7d6 Qf5 48. Qc3+ Qf6 49. Qc5 Qf5 50. Qc3+ Qf6 51. Qc2 c5 52. Rd7 Rd8 53. Qxc5 Rxd7 54. Rxd7 a4 55. bxa4 Rxa4 56. a3 Qa1+ 57. Kh2 Rxa3 58. Qe7 Qe5+ 59. g3 Rf3 60. Kg2 Qf6 61. Qc5 Rf5 62. Qe3 Re5 63. Qd2 Qf5 64. Rd4 Rd5 65. Qc3 Rxd4 66. Qxd4+ Qf6 67. Qe3 h6 68. h4 e5 69. Qe4 Qd6 70. Qe3 Qd4 71. Kf3 Qd5+ 72. Qe4 Qe6 73. g4 g5 74. hxg5 hxg5 75. Kg3 Qf6 76. Qe3 Qf4+ 77. Qxf4 gxf4+ 78. Kf3 Kg6 79. Ke4 Kg5 80. f3 f6 81. Kd5 Kh6 82. Ke6 Kg6 83. Ke7 f5 84. gxf5+ Kxf5 85. Kd6 e4 86. fxe4+ Kxe4 87. Ke6 f3 0-1

[Event "Asia Nations online Cup (Women)"]
[Site "Chess.com INT"]
[Date "2020.10.19"]
[Round "9.10"]
[White "Rayan, Mohammad Ali Hassan"]
[Black "Mahmoud, Roula"]
[Result "0-1"]
[WhiteElo "1479"]
[BlackElo "1771"]
[PlyCount "104"]
[EventDate "2020.10.11"]
[EventType "team-swiss (rapid)"]
[EventRounds "9"]
[EventCountry "IND"]
[SourceTitle "CBM 198 Extra"]
[Source "ChessBase"]
[SourceDate "2020.11.30"]
[SourceVersion "1"]
[SourceVersionDate "2020.11.30"]
[SourceQuality "1"]
[WhiteTeam "United Arab Emirates (W)"]
[BlackTeam "Syria (W)"]
[WhiteTeamCountry "UAE"]
[BlackTeamCountry "SYR"]

1. e4 c5 2. d3 e6 3. Nf3 a6 4. g3 Nc6 5. Bg2 Qc7 6. Nbd2 d5 7. 0-0 Nf6 8. Re1 Be7 9. e5 Nd7 10. Qe2 0-0 11. Nf1 b5 12. h4 Bb7 13. N1h2 Rae8 14. Bf4 d4 15. Ng5 Nb4 16. Bxb7 Qxb7 17. a3 Nd5 18. Qf3 Qc7 19. Qe4 Bxg5 20. hxg5 Nxf4 21. Qxf4 f6 22. gxf6 gxf6 23. Qg4+ Kh8 24. exf6 Nxf6 25. Qg5 Qf7 26. Qe5 Qh5 27. Qxh5 Nxh5 28. Re5 Rf5 29. Rae1 Ng7 30. Ng4 Ref8 31. R1e2 Rxe5 32. Nxe5 Kg8 33. Nd7 Rf5 34. Re5 Rxe5 35. Nxe5 Nf5 36. Nd7 c4 37. dxc4 bxc4 38. Nc5 Kf7 39. Nxa6 e5 40. Nb4 e4 41. Kf1 Ke6 42. Ke2 d3+ 43. cxd3 exd3+ 44. Kd1 Ke5 45. a4 Ke4 46. a5 Nd4 47. Nc6 Nxc6 48. a6 Kf3 49. a7 Nxa7 50. Kd2 Kxf2 51. Kc3 Kxg3 52. Kxc4 d2 0-1

[Event "Online Olym Div3 A"]
[Site "Chess.com INT"]
[Date "2020.08.08"]
[Round "5.1"]
[White "Mahmoud, Roula"]
[Black "Dornbusch, Tatiana"]
[Result "0-1"]
[WhiteElo "1771"]
[BlackElo "2268"]
[PlyCount "134"]
[EventDate "2020.08.07"]
[EventType "team-tourn (rapid)"]
[EventRounds "9"]
[EventCountry "USA"]
[SourceTitle "CBM 198"]
[Source "ChessBase"]
[SourceDate "2020.10.31"]
[SourceVersion "1"]
[SourceVersionDate "2020.10.31"]
[SourceQuality "1"]
[WhiteTeam "Syria"]
[BlackTeam "Monaco"]
[WhiteTeamCountry "SYR"]
[BlackTeamCountry "MNC"]

1. e4 Nf6 2. d3 e5 3. Nf3 Nc6 4. g3 Bc5 5. Bg2 0-0 6. 0-0 d5 7. exd5 Nxd5 8. c3 Kh8 9. Nbd2 f6 10. Ne4 Be7 11. Nh4 Be6 12. f4 exf4 13. gxf4 f5 14. Ng5 Bxg5 15. fxg5 f4 16. Qh5 Nce7 17. Be4 Bg8 18. c4 Ne3 19. Bxe3 fxe3 20. Bxh7 Rxf1+ 21. Rxf1 Bxh7 22. g6 Nxg6 23. Nxg6+ Kg8 24. Rf8+ Qxf8 25. Nxf8 Rxf8 26. Qd5+ Kh8 27. Qe5 Bxd3 28. Qxe3 Bxc4 29. b3 Bd5 30. Qxa7 Rf7 31. Qd4 c6 32. Qh4+ Kg8 33. h3 Rf6 34. Qg4 Kh7 35. Qh5+ Kg8 36. h4 Rf7 37. Qg5 Rf6 38. h5 Kh7 39. Qg4 Kh6 40. Kh2 Rf2+ 41. Kg3 Rg2+ 42. Kh4 Rxg4+ 43. Kxg4 Be6+ 44. Kh4 Bf5 45. b4 b5 46. a3 Be6 47. Kg3 Kxh5 48. Kf4 g5+ 49. Kg3 Bd5 50. Kh3 g4+ 51. Kg3 Kg5 52. Kf2 Kf4 53. Kg1 g3 54. Kf1 Kg4 55. Kg1 Kh3 56. Kf1 Kh2 57. Ke2 g2 58. Kd3 g1Q 59. Kc3 Qa1+ 60. Kd3 Kg3 61. Ke3 Qe1+ 62. Kd3 Kf3 63. Kc2 Ke3 64. a4 bxa4 65. Kb2 Kd3 66. b5 Qc3+ 67. Kb1 a3 0-1

[Event "Online Olym Div4 B"]
[Site "Chess.com INT"]
[Date "2020.07.31"]
[Round "3.3"]
[White "Ampaire, Shakira"]
[Black "Mahmoud, Roula"]
[Result "1-0"]
[WhiteElo "1673"]
[BlackElo "1771"]
[PlyCount "131"]
[EventDate "2020.07.31"]
[EventType "team-tourn (rapid)"]
[EventRounds "9"]
[EventCountry "USA"]
[SourceTitle "CBM 198"]
[Source "ChessBase"]
[SourceDate "2020.10.31"]
[SourceVersion "1"]
[SourceVersionDate "2020.10.31"]
[SourceQuality "1"]
[WhiteTeam "Uganda"]
[BlackTeam "Syria"]
[WhiteTeamCountry "UGA"]
[BlackTeamCountry "SYR"]

1. e4 c5 2. Nf3 e6 3. c4 Nc6 4. Nc3 a6 5. d3 Qc7 6. g3 Nf6 7. Bg2 Be7 8. 0-0 0-0 9. Bf4 d6 10. b3 Bd7 11. Qc2 Nd4 12. Nxd4 cxd4 13. Ne2 e5 14. Bg5 h6 15. Bxf6 Bxf6 16. f4 b5 17. Rac1 bxc4 18. Qxc4 Qa5 19. Qc2 Rac8 20. Qb2 Bb5 21. Rfd1 Rxc1 22. Nxc1 Qc3 23. Qd2 Rc8 24. Ne2 Qxd2 25. Rxd2 Bd8 26. Kf2 Ba5 27. Rd1 Rc2 28. a4 Bd7 29. Rb1 Bd2 30. f5 Be3+ 31. Ke1 g6 32. g4 h5 33. h3 gxf5 34. gxf5 d5 35. h4 dxe4 36. Bxe4 Kg7 37. Kd1 Rd2+ 38. Ke1 Kf6 39. Ng3 Kg7 40. Nxh5+ Kf8 41. Ng3 Rh2 42. Nf1 Rxh4 43. Nxe3 dxe3 44. Ke2 Rf4 45. Rf1 Ke7 46. Rf3 Rxf3 47. Kxf3 Kf6 48. Kxe3 Bxf5 49. a5 Be6 50. b4 Kg5 51. Bb7 f5 52. Bxa6 f4+ 53. Kf2 Kg4 54. Bb7 Bb3 55. a6 Bc2 56. Be4 Ba4 57. a7 Bd7 58. a8Q Kg5 59. Qg8+ Kf6 60. Qf8+ Kg5 61. Qe7+ Kh5 62. Qxd7 f3 63. Qg7 Kh4 64. Kxf3 Kh5 65. Qg6+ Kh4 66. Qh6# 1-0

[Event "Olympiad Women-43"]
[Site "Batumi"]
[Date "2018.09.28"]
[Round "5.47"]
[White "Mahmoud, Roula"]
[Black "Jorge, Rita Maria Osorio"]
[Result "0-1"]
[WhiteElo "1795"]
[BlackElo "1870"]
[PlyCount "80"]
[EventDate "2018.09.24"]
[EventType "team-swiss"]
[EventRounds "11"]
[EventCountry "GEO"]
[SourceTitle "EXT 2020"]
[Source "ChessBase"]
[SourceDate "2019.10.17"]
[SourceVersion "1"]
[SourceVersionDate "2019.10.17"]
[SourceQuality "1"]
[WhiteTeam "Syria (W)"]
[BlackTeam "Portugal (W)"]
[WhiteTeamCountry "SYR"]
[BlackTeamCountry "POR"]

1. Nf3 Nf6 2. g3 d5 3. Bg2 Bf5 4. 0-0 e6 5. d3 Bd6 6. Nbd2 0-0 7. Re1 e5 8. c4 c6 9. e4 dxe4 10. dxe4 Bg6 11. Qc2 Nbd7 12. b3 a5 13. Bb2 Qc7 14. Rad1 Rfd8 15. Nh4 Nc5 16. f4 Qb6 17. Kh1 Ng4 18. Re2 exf4 19. Nxg6 hxg6 20. Bh3 Ne3 21. Qc3 Bf8 22. Rg1 Rd3 23. Qe5 fxg3 24. Rxg3 Nd1 25. Ba1 Rad8 26. Nf3 Nf2+ 27. Rxf2 Rd1+ 28. Rf1 Nd3 29. Qc3 Nf2+ 30. Kg2 Nxe4 31. Qb2 Rxf1 32. Kxf1 Rd1+ 33. Kg2 Nxg3 34. hxg3 Qe3 35. Bc8 b6 36. Bb7 Qd3 37. Kf2 Qf1+ 38. Ke3 Rd3+ 39. Kf4 Qxf3+ 40. Kg5 Qxg3# 0-1